1787 1141 1482 1323 1140 1197 1776 1431 1062 1477 1555 1422 1882 1724 1282 1705 1199 1106 1999 1167 1090 1019 1752 1710 1892 1700 1307 1754 1423 1041 1837 1776 1592 1717 1311 1729 1250 1267 1197 1816 1163 1535 1638 1661 1766 1768 1447 1638 1425 1629 1240 1138 1105 1491 1383 1392 1822 1017 1215 1521 1380 1583 1832 1866 1576 1993 1851 1305 1537 1259 1103 1466 1577 1385 1161 1773 1194 1368 1576 1282 1727 1968 1406 1534 1069 1862 1444 1097 1812 1814 1388 1515 1941 1608 1116 1668 1165 1422 1908 BCNSPRNW ULIB Ver.6.0+V

เปลี่ยนเป็นภาษาไทย

Change to English
 แสดงรายละเอียดบรรณานุกรม
  กลับหน้าหลัก

Brief Record : Get Marc (ISO 2709) : E-mail record : QR code < ปิดหน้าต่าง
LEADER : 00000nam 2200000uu 4500
001    13399114073
003     ULIB
008    120214s2547||||th 000 0 tha d
060 04 ^aWA390^bก151ก 2547
100 0  ^aสุจริต สุวรรณชีพ
245 10 ^aการให้การปรึกษาในศูนย์สุขภาพชุมชน /^cสุจริต สุวรรณชีพ
250    ^aพิมพ์ครั้งที่ 2
260    ^aกรุงเทพฯ :^bสามเจริญพาณิชย์,^c2547
300    ^a200 หน้า :^bภาพประกอบ ;^c25 ซม.
650  7 ^aยาเสพติด^xการให้คำปรึกษา
650  7 ^aยาเสพติด^xการป้องกันและควบคุม
945    ^p0^l0^i13585
945    ^p0^l0^i13584
945    ^p0^l0^i13587
945    ^p0^l0^i13586
995    ^aกัณชพร
999    ^aใช้งานได้ทุกระบบ
รายการนี้ยังไม่มีแท็ก
คุณยังไม่ได้ล็อกอิน คุณสามารถมีกิจกรรมร่วมกับเว็บไซต์ได้ แต่ต้องล็อกอินก่อน ::
  ล็อกอิน

รายการสื่อสารสนเทศ

ลำดับที่ ประเภท เลขเรียก/บาร์โค้ด สถานที่ สถานะ
- ไม่พบข้อมูล -

BibComment


ยังไม่เคยถูกคอมเมนท์

คอมเมนท์ทรัพยากรรายการนี้
  คอมเมนท์: การให้การปรึกษาใ..


 Copyright 2026. Bcnsprnw @Library